Sudden Death - Buttons Give You Consent - Statistics

General Stats
  • This quiz has been taken 89 times
  • The average score is 11 of 11
Answers on the Grid
Answers color-coded by a green-red scale on the quiz's grid according to % correct below.
DONT TOUCH ME
you can click me
i give you consent
NO
Yes
click me
CLICK ME I NEED TO LEAVE
NO CONSENT
hi click me
DONT CLICK US
DONT CLICK US
DONT CLICK US
DONT CLICK US
DONT CLICK US
click meee 👍
click = happy 😁
CLICK US
CLICK US
CLICK US
dont click me..or else
Click not me
idk just dont click me
 
Answer Stats
Answer % Correct
click = happy 😁
100%
click meee 👍
100%
hi click me
100%
i give you consent
100%
click me
98%
CLICK US
98%
CLICK US
98%
CLICK US
98%
Yes
98%
you can click me
98%
CLICK ME I NEED TO LEAVE
93%
No matching quizzes found
Score Distribution
Percent of People with Each Score
Percentile by Number Answered
Your Score History
You have not taken this quiz